000 02360cam a2200361 i 4500
003 DO-SdBNP
005 20240913114348.0
008 100514s2007 sp a | |||| 000 f spa
015 _a
017 _a
_b
020 _a9788449424984 (o.c.)
020 _a
020 _a
035 _a
040 _aBPMSU
_bspa
_cBPMSU
_e
080 _a
082 4 _a220.95
_bA327p 2007
_222
100 1 _aAlbareda, María José
245 1 0 _aPreguntas y respuesta :
_bjugamos a aprender, la biblia /
_c María José Albareda, Jaime Rovira, Eugenio Sotillos
_h
260 _aBarcelona :
_bEditorial Océano,
_c2007
300 _a2 v. p.:
_bil. ;
_c27 cm.
500 _a
505 2 _tAntiguo Testamento --
_gLa creación --
_gEl paraíso terrenal --
_gLos descendientes de Adán y Eva --
_gEl diluvio universal --
_gLa torre de Babel --
_gAbraham e Isaac --
_gJacob --
_gJosé --
_gMoisés --
_gLa salida de Egipto --
_gLos diez mandamientos --
_gCanaán, la tierra prometida --
_gLos jueces --
_gSansón --
_gDavid y Goliat --
_gEl rey David --
_gSalomón --
_gElías --
_gJonás --
_gJudith y Holofernes --
_gIsaías, Jeremías y Ezequiel --
_gDaniel --
_gEsther y Asuero --
_gJob y Tobías --
_gRegreso a Judea --
_gEleazar, Matatías y los Macabeos --
_gHerodes, esperando al Mesías --
505 2 _tNuevo Testamento --
_gLos Evangelios --
_gJuan el Bautista --
_gLa anunciación --
_gEl nacimiento del niño Dios --
_gJesús se pierde en el templo --
_gEl bautismo de Jesús --
_gLos doce apóstoles --
_gLa muerte de Juan el Bautista --
_gLas bodas de Caná y la pesca milagrosa --
_gEl sermón de la montaña --
_gJesús multiplica los panes y los peces y camina sobre las aguas --
_gEnseñanzas y parábolas --
_gLa resurrección de Lázaro y otros milagros --
_gLa transfiguración --
_gEntrada triunfal en Jerusalén --
_gLa última cena --
_gLa pasión --
_gLa crucifixión y la muerte --
_gLa resurrección y la ascensión a los cielos --
_gSan Pablo --
_gSan Pedro, la iglesia y el papado --
_gLos primeros Mártires y las Epístolas --
_gEl Apocalipsis --
_gEl mensaje de la biblia --
590 _aInventariado, 2024/VM
650 4 _aBiblia
_xHistoria sagrada
650 4 _aIlustraciones bíblicas.
700 1 _aRovira, Jaime
_eautor
700 1 _aSotillos, Eugenio
_eautor
700 1 2 _aNigot, M
_eil.
910 _aVMateo V. Control de calidad. BPMSU
942 _2ddc
_cBK
999 _c14813
_d14813